LIBRARY ONLINE CATALOGUE

Christian scripture and human resource management (Record no. 18910)

MARC details
000 -LEADER
fixed length control field 00529nam a22001577a 4500
008 - FIXED-LENGTH DATA ELEMENTS--GENERAL INFORMATION
fixed length control field 210426b xxu||||| |||| 00| 0 eng d
020 ## - INTERNATIONAL STANDARD BOOK NUMBER
International Standard Book Number 1349494545
050 ## - LIBRARY OF CONGRESS CALL NUMBER
Classification number BV4597.53
Item number .R67 2015 c.1
100 ## - MAIN ENTRY--PERSONAL NAME
Personal name Roberts, Gary E.
245 ## - TITLE STATEMENT
Title Christian scripture and human resource management
Remainder of title building a path to servant leadership through faith
Statement of responsibility, etc. Gary E. Roberts
260 ## - PUBLICATION, DISTRIBUTION, ETC. (IMPRINT)
Place of publication, distribution, etc. New York
Name of publisher, distributor, etc. Palgrave
Date of publication, distribution, etc. 2015
300 ## - PHYSICAL DESCRIPTION
Extent 253p.
650 ## - SUBJECT ADDED ENTRY--TOPICAL TERM
Topical term or geographic name as entry element Servant leadership
Form subdivision religious aspects
650 ## - SUBJECT ADDED ENTRY--TOPICAL TERM
Topical term or geographic name as entry element Personnel management
942 ## - ADDED ENTRY ELEMENTS (KOHA)
Source of classification or shelving scheme Library of Congress Classification
Koha item type General Collection
Holdings
Withdrawn status Lost status Source of classification or shelving scheme Not for loan Home library Current library Date acquired Cost, normal purchase price Total Checkouts Full call number Barcode Date last seen Price effective from Koha item type
    Library of Congress Classification   Kabarak, Main Campus Kabarak, Main Campus 26/04/2021 4855.00   BV4597.53 .R67 2015 c.1 030701 26/04/2021 26/04/2021 General Collection
    Library of Congress Classification   Kabarak, Main Campus Kabarak, Main Campus 26/04/2021 4855.00   BV4597.53 .R67 2015 c.2 030702 26/04/2021 26/04/2021 General Collection
    Library of Congress Classification   Kabarak, Nakuru City Campus Kabarak, Nakuru City Campus 26/04/2021 4855.00   BV4597.53 .R67 2015 c.1 030703 26/04/2021 26/04/2021 General Collection